Hemingway / (Record no. 129973)

MARC details
000 -LEADER
fixed length control field 00652nam a22002297a 4500
005 - DATE AND TIME OF LATEST TRANSACTION
control field 20170124110105.0
010 ## - LIBRARY OF CONGRESS CONTROL NUMBER
LC control number 183249
020 ## - INTERNATIONAL STANDARD BOOK NUMBER
Terms of availability 00.00
035 ## - SYSTEM CONTROL NUMBER
System control number 183249
037 ## - SOURCE OF ACQUISITION
Source of stock number/acquisition Cen Lib/Ret
040 ## - CATALOGING SOURCE
Original cataloging agency DPL
Language of cataloging EN
082 ## - DEWEY DECIMAL CLASSIFICATION NUMBER
Classification number 921
Item number SAN
100 ## - MAIN ENTRY--PERSONAL NAME
Personal name Sanderson, Stewart
9 (RLIN) 27966
245 ## - TITLE STATEMENT
Title Hemingway /
Statement of responsibility, etc by Stewart Sanderson
260 ## - PUBLICATION, DISTRIBUTION, ETC. (IMPRINT)
Place of publication, distribution, etc Edinburgh
Name of publisher, distributor, etc Oliver and Boyd
Date of publication, distribution, etc 1961
270 ## - ADDRESS
City Edinburgh
Address Tweeddale Court
300 ## - PHYSICAL DESCRIPTION
Extent 120p.
Dimensions 18cm(Hb)
500 ## - GENERAL NOTE
General note Includes bibliographical references<br/>
650 ## - SUBJECT ADDED ENTRY--TOPICAL TERM
Topical term or geographic name as entry element Authors, American
9 (RLIN) 27967
650 ## - SUBJECT ADDED ENTRY--TOPICAL TERM
Topical term or geographic name as entry element Hemingway, Ernest, -- 1899-1961
9 (RLIN) 27968
942 ## - ADDED ENTRY ELEMENTS (KOHA)
Source of classification or shelving scheme Dewey Decimal Classification
Koha item type English Books
Classification part 921
Call number suffix SAN
Holdings
Withdrawn status Lost status Damaged status Not for loan Home library Current library Date acquired Source of acquisition Cost, normal purchase price Total Checkouts Full call number Barcode Date last seen Copy number Cost, replacement price Price effective from Koha item type
        Central Library Central Library 08/07/2015 Cen Lib/Ret 0.00   921 SAN 183249 08/07/2015 1 0.00 08/07/2015 English Books

© Delhi Public Library
Hit Counter
free hit counter